000
00219nam a22000857a 4500
008
170111b xxu||||| |||| 00| 0 eng d
100
_9
2313
_a
Gupta.K.etal.
245
_a
Activity Around SST-III
260
_a
New Delhi
_b
APC
_c
2008
999
_c
5238
_d
5238